El error como vicio del consentimiento ¿Es justificable su regulación en el Código Civil y Comercial de la Nación? / (Registro nro. 5481)
[ vista simple ]
| 000 -LEADER | |
|---|---|
| fixed length control field | 01475nab a22002297a 4500 |
| 003 - CONTROL NUMBER IDENTIFIER | |
| control field | OSt |
| 005 - DATE AND TIME OF LATEST TRANSACTION | |
| control field | 20251204090714.0 |
| 008 - FIXED-LENGTH DATA ELEMENTS--GENERAL INFORMATION | |
| fixed length control field | 190604e xxu||||| |||| 00| 0 spa d |
| 040 ## - CATALOGING SOURCE | |
| Transcribing agency | PJ |
| 100 ## - MAIN ENTRY--PERSONAL NAME | |
| 9 (RLIN) | 1899 |
| Personal name | Borda, Alejandro |
| 245 13 - TITLE STATEMENT | |
| Title | El error como vicio del consentimiento ¿Es justificable su regulación en el Código Civil y Comercial de la Nación? / |
| Statement of responsibility, etc | Alejandro Borda. |
| 260 ## - PUBLICATION, DISTRIBUTION, ETC. (IMPRINT) | |
| Place of publication, distribution, etc | Ciudad Autónoma de Buenos Aires : |
| Name of publisher, distributor, etc | Thomson Reuters La Ley, |
| Date of publication, distribution, etc | 2025. |
| 300 ## - PHYSICAL DESCRIPTION | |
| Extent | p. 81-92 |
| 500 ## - GENERAL NOTE | |
| General note | Cita Online: TR LALEY AR/DOC/1720/2025.<br/> |
| 505 ## - FORMATTED CONTENTS NOTE | |
| Formatted contents note | Sumario: I. Introducción.— II. El error como vicio del consentimiento.— III. El error de derecho.— IV. El error de hecho.— V. Error esencial y error accidental.— VI. Error excusable e inexcusable.— VII. Crítica general de la teoría del error.— VIII. Crítica a los supuestos normativos de error esencial.— IX. El error reconocible.— X. El error de expresión, cálculo o "de pluma".— XI. La subsistencia del acto.— XII. La declaración hecha con espíritu de broma.— XIII. Conclusiones.<br/> |
| 505 ## - FORMATTED CONTENTS NOTE | |
| Title | ¿Te interesa el texto completo? Solicitalo al correo: koha@justierradelfuego.gov.ar |
| 650 #0 - SUBJECT ADDED ENTRY--TOPICAL TERM | |
| 9 (RLIN) | 4273 |
| Topical term or geographic name as entry element | CONSENTIMIENTO INFORMADO |
| 650 #0 - SUBJECT ADDED ENTRY--TOPICAL TERM | |
| 9 (RLIN) | 2525 |
| Topical term or geographic name as entry element | VICIOS DE LA VOLUNTAD |
| 650 #0 - SUBJECT ADDED ENTRY--TOPICAL TERM | |
| 9 (RLIN) | 3407 |
| Topical term or geographic name as entry element | ACTO VOLUNTARIO |
| 773 0# - HOST ITEM ENTRY | |
| Host Biblionumber | 2714 |
| Host Itemnumber | 3171 |
| Place, publisher, and date of publication | Ciudad Autónoma de Buenos Aires : Thomson Reuters La Ley, 2014- |
| Title | Revista anales de legislación argentina. Nº 8 - Agosto 2025. |
| 942 ## - ADDED ENTRY ELEMENTS (KOHA) | |
| Source of classification or shelving scheme | |
| Koha item type | Analítica Artículo de Revista |
No hay ítems disponibles.
